00402nam a2200157Ia 450000500170000000800410001704000190005804100120007708200130008910000210010224500470012326000380017030000160020865000100022485000100023420240625102207.0131103s9999 xx 000 0 und d aLoreto College aEnglish a745bWIL aWilliams, Guy R. aMaking a miniature villagecGuy R.Williams aHarmondsworthbPuffin Booksc1970 a87p.b pic. aCraft aLCBED